00563nam a2200145 a 450000100100000000500170001000800410002704000250006808200080009324501170010126000530021830000210027195201080029299900170040000003363120200930070411.0110902s1827 xxu 000 0 spa d aDO-SdBNPbspacBNPHU axxx00aPersonal narrative of the first voyage of Columbus to America :bfrom a manuscript recently discovered in spain. aBoston :bPublished by T.B. Wait and Son,c1827. a303 p. ;c22 cm. 001050718MOaGRbGRcCTd2011-09-02iLF1l0oxxx p33631-10r2020-06-25w2020-06-25y1ZNo se presta c33122d33122